000 00738nam a22002057a 4500
999 _c19816
_d19816
003 AR-CdUCM
008 190312b ||||| |||| 00| 0 spa d
040 _aMUNICIPALIDAD PROVINCIAL DEL CUSCO
_cBIBLIOTECA MUNICIPAL DEL CUSCO
082 _a918.508 /
_bD85.
110 _aDocumental del Perú
_916724
245 _aDepartamento de Lima /
260 _aLima :
_bDocumental del Perú,
_c1969.
300 _atomo XV
_bIlustraciones en color y b/n.
_c21 cm.
505 _aContenido : t.xv : Sede la capital de Lima -- Turismo -- Folklore -- Historia -- Cultura e Instituciones -- Catedral de Lima...
650 _aTurismo
_94560
650 _aHistoria
_9246
650 _aGuía Turística
_916725
942 _2ddc
_cLIBROS
945 _arcc